Ganar la guerra, perder la paz : (Record no. 192074)

MARC details
000 -LEADER
campo de control de longitud fija 01261nam a2200349 i 4500
001 - NÚMERO DE CONTROL
campo de control 192074
003 - IDENTIFICADOR DE NÚMERO DE CONTROL
campo de control ES-MaACL
005 - FECHA Y HORA DE LA ÚLTIMA TRANSACCIÓN
campo de control 20250826063151.0
008 - DATOS DE LONGITUD FIJA--INFORMACIÓN GENERAL
campo de control de longitud fija 221103s2019 sp a | |||| 001 0bspa
017 ## - NÚMERO DE COPYRIGHT O DE DEPÓSITO LEGAL
Número de copyright o de depósito legal B 12029-2019
Agencia que asigna Oficina Depósito Legal Barcelona
020 ## - NÚMERO INTERNACIONAL ESTÁNDAR DEL LIBRO
Número Internacional Estándar del Libro 978-84-9199-114-4
040 ## - FUENTE DE CATALOGACIÓN
Centro/agencia transcriptor ES-MaACL
080 ## - NÚMERO DE LA CLASIFICACIÓN DECIMAL UNIVERSAL
Número de la Clasificación Decimal Universal 929 Latorre Roca, Rafael
080 ## - NÚMERO DE LA CLASIFICACIÓN DECIMAL UNIVERSAL
Número de la Clasificación Decimal Universal 94(460)"1936/39"
100 1# - ENTRADA PRINCIPAL--NOMBRE DE PERSONA
Nombre de persona Claret Miranda, Jaume.
9 (RLIN) 137497
Término indicativo de función/relación Autor
245 10 - MENCIÓN DEL TÍTULO
Título Ganar la guerra, perder la paz :
Resto del título memorias del general Latorre Roca /
Mención de responsabilidad, etc. Jaume Claret ; [prólogo de Ángel Viñas]
250 ## - MENCION DE EDICION
Mención de edición 1ª ed.
264 #1 - PRODUCCIÓN, PUBLICACIÓN, DISTRIBUCIÓN, FABRICACIÓN Y COPYRIGHT
Producción, publicación, distribución, fabricación y copyright Barcelona :
Nombre del de productor, editor, distribuidor, fabricante Crítica,
Fecha de producción, publicación, distribución, fabricación o copyright 2019.
300 ## - DESCRIPCIÓN FÍSICA
Extensión 318 páginas :
Otras características físicas ilustraciones (blanco y negro) ;
Dimensiones 24 cm.
490 1# - MENCIÓN DE SERIE
Mención de serie Contrastes
500 ## - NOTA GENERAL
Nota general Índice onomástico
504 ## - NOTA DE BIBLIOGRAFÍA, ETC.
Nota de bibliografía, etc. Referencias bibliográficas.
600 14 - PUNTO DE ACCESO ADICIONAL DE MATERIA--NOMBRE DE PERSONA
Nombre de persona Latorre Roca, Rafael.
9 (RLIN) 70542
651 #4 - PUNTO DE ACCESO ADICIONAL DE MATERIA--NOMBRE GEOGRÁFICO
Nombre geográfico España-
Subdivisión general Historia-
Subdivisión cronológica 1936-1939, Guerra civil.
9 (RLIN) 8292
655 #0 - TERMINO DE INDIZACIÓN--GENERO/FORMA
Datos o término principal de género/forma Biografías
9 (RLIN) 176647
700 1# - ENTRADA AGREGADA--NOMBRE PERSONAL
9 (RLIN) 115369
Nombre de persona Viñas, Ángel,
Fechas asociadas al nombre 1941-
Término indicativo de función/relación Autor de introducción
830 1# - PUNTO DE ACCESO ADICIONAL DE SERIE-TÍTULO UNIFORME
Título uniforme Contrastes
9 (RLIN) 193502
852 4# - LOCALIZACIÓN
Ubicación ES-MaACL
itemnumber 199356
Número de control de estantería N-8038
Sublocalización o colección R.152754
Ubicación en estantería Depósito J
Donativo/Legado Donación: Editorial
Encuadernación Encuadernación: cartoné
942 ## - ELEMENTOS DE ENTRADA SECUNDARIOS (KOHA)
Tipo de ítem Koha Libro impreso
Suprimir en OPAC No
Holdings
Estatus retirado Estado de pérdida Fuente del sistema de clasificación o colocación Estado de daño No para préstamo Biblioteca de origen Biblioteca actual Ubicación en estantería Fecha de adquisición Fuente de adquisición Total de préstamos Signatura topográfica completa Código de barras Visto por última vez Tipo de ítem Koha
    Clasificación decimal universal     Biblioteca del Ateneo de Madrid Biblioteca del Ateneo de Madrid Depósito J 03/11/2022 Donación   N-8038 101206480 23/02/2023 Libro impreso